Δελτίο εκπαιδευτικής αρθρογραφίας:
Saved in:
| New Title: | Δελτίο Εκπαιδευτικής Αρθρογραφίας (2005) (ISSN 1790-9708). |
|---|---|
| Corporate Author: | |
| Format: | Serial |
| Language: | Greek |
| Published: |
Αθήνα :
Παιδαγωγικό Ινστιτούτο,
1992 -
|
| Subjects: | |
| Tags: |
Add Tag
No Tags, Be the first to tag this record!
|
MARC
| LEADER | 00000cas a2200000 i 4500 | ||
|---|---|---|---|
| 001 | 1/104184 | ||
| 008 | 000308c19929999gr |||||||||||| ||gre|| | ||
| 022 | |a 1106-4013 | ||
| 035 | |l 10058746 | ||
| 040 | |a GR-My-Ua |b gre |e AACR2 | ||
| 041 | 0 | |a gre | |
| 082 | 0 | |a 370.5 |2 (23) | |
| 110 | 2 | |a Παιδαγωγικό Ινστιτούτο |b Τμήμα Ερευνών, Τεκμηρίωσης και Εκπαιδευτικής Τεχνολογίας. | |
| 245 | 1 | 0 | |a Δελτίο εκπαιδευτικής αρθρογραφίας: |h [περιοδικό] |c Παιδαγωγικό Ινστιτούτο. Τμήμα Ερευνών, Τεκμηρίωσης και Εκπαιδευτικής Τεχνολογίας |
| 246 | 1 | |a Δελτίο Εκπαιδευτικής Αρθρογραφίας (2005) (ISSN 1790-9708) | |
| 260 | |a Αθήνα : |b Παιδαγωγικό Ινστιτούτο, |c 1992 - | ||
| 300 | |a τ. : |c 28 εκ. ; | ||
| 310 | |a Εξαμηνιαίο, |b 1992 - | ||
| 500 | |a Η βιβλιοθήκη του παραρτήματος Ρόδου έχει στην συλλογή της τα εξής τεύχη: Τεύχος 1(1992)- τεύχος 35 (2009). Λείπει το τεύχος 18 (2001). | ||
| 650 | 0 | 0 | |a Education |x Periodicals |x Bibliography. |
| 650 | 0 | 0 | |a Education |x Periodicals |x Indexes. |
| 785 | 0 | 0 | |i Συνεχίζεται από το ... |t Δελτίο Εκπαιδευτικής Αρθρογραφίας (2005) (ISSN 1790-9708). |
| 853 | |a INST |b CHIOS |c SER |h 370.5 | ||
| 853 | |a INST |b RHODES |c SER |h 370.5 | ||
| 853 | |a INST |b SAMOS |c SER |h 370.5 | ||
| 901 | |a BIBL2-2004-2 | ||
| 920 | |a Δωρεά Βιβλιοθήκης |y Χίος |z 1995-05 | ||
| 920 | |a Δωρεά Βιβλιοθήκης |y Ρόδος |z 2004-03 | ||
| 970 | |a Σαλαμούρα |b Μαρία |z 2000-03-09 | ||
| 970 | |a Χοροζίδου |b Τζένη |z 2004-03-16 | ||